00404nam a2200145Ia 4500003000400000005001700004008004100021040000900062082001500071100002700086245006700113260004600180300000900226650002300235OSt20211120121046.0190216s9999||||xx |||||||||||||| ||und|| coclc a973bPAR/U aParkes, Henry Bamford  4aThe United States Of America A History /cHenry Bamford Parkes bScientific Book Agency,c1964.aCalcutta: a805p aHistory Of America